000 00345nam a2200145Ia 4500
008 191201s1993 xx 000 0 und d
082 _a005.74
100 _aSIMPSON, Alam
245 0 _aUnderstanding Database III Plus
250 _a1st Rep
260 _aN. Delhi
_bBPB Publication
_c1993
300 _a414
650 _aApplied
942 _2ddc
_cBK
999 _c575
_d575